Widzę Głosy #1 - Statystyki

Ogólne statystyki
  • Ten quiz został rozwiązany 23 razy
  • Średni wynik to 16 z 30
Statystyki odpowiedzi
Nr. Odcinka Postać/postacie Aktor/Aktorka % Poprawnych
2 Skipper (Pingwiny z madagaskaru) Grzegorz Pawlak
95%
22 Mike Wazowski (Potwory i spółka); Maurice (Pingwiny z madagaskaru) Wojciech Paszkowski
79%
9 Kudłaty (Scooby Doo); Flint Lockwood (Klopsiki i inne zjawiska pogodowe) Jacek Bończyk
74%
5 Tygrys (Kubuś i przyjaciele); Płomyk (Piękna i Bestia) Jacek Czyż
74%
10 Pani Foster (Dom dla zmyślonych przyjaciół pani Foster); Miriam Aleksandrowicz
74%
28 Pinokio (Shrek); Hammy (Skok przez płot); Gadżet (Inspektor Gadżet) Jarosław Domin
68%
21 Chowder (Chowder); Koko (Dom dla zmyślonych przyjaciół pani Foster) Anna Apostolakis
63%
16 Pumba (Król Lew); Hamm (Toy Story) Emilian Kamiński
63%
30 Johnny Bravo (Johnny Bravo); Pongo (101 dalmatyńczyków) Marcin Kudełka
63%
8 Scooby Doo (Scooby Doo); Ryszard Olesiński
63%
15 Mufasa (Król Lew); Obelix ( Asterix i Obelix); Tai Lung (Kung Fu Panda) Wiktor Zborowski
63%
12 Nemo (Gdzie jest Nemo?); Artur (Artur i minimki); Charlie (Charlie i fabryka czekolady) Kajetan Lewandowski
58%
6 Sowa ( Kubuś i przyjaciele); Król Tryton (Mała syrenka) Włodzimierz Bednarski
58%
18 Draco Malfoy (Harry Potter) Aleksander Orsztynowicz - Czyż
53%
3 Daphne (Scooby Doo); Ariel (Mała syrenka) Beata Jankowska-Tzimas
53%
25 Ryjek (Muminki) Józef Mika
53%
27 Droopy (Tom i Jerry); Astro (Jetsonowie) Andrzej Arciszewski
47%
4 Jessie (Toy Story); Żmija (Kung Fu Panda) Izabella Bukowska
47%
11 Hermiona Granger (Harry Potter); Joanna Kudelska
47%
14 Lawrence Fletcher (Fineasz i Ferb); Earl (Klopsiki i inne zjawiska pogodowe) Robert Tondera
47%
23 Quasimodo (Dzwonnik z Notre Dame); Speedy Gonzales (Looney Tunes) Tomasz Kozłowicz
47%
29 Nicole Watterson (Niesamowity świat Gumballa); Trixie (My little pony) Agnieszka Fajlhauer
42%
1 Wendy (Piotruś Pan); Kiara (Król Lew II) Joanna Jabłczyńska
42%
24 Emmet Klockowski (Lego Przygoda); Mruk (Trolle) Piotr Bajtlik
42%
7 Dracula (Hotel Transylwania); Megamocny (Megamocny) Tomasz Borkowski
42%
17 Kenai (Mój brat niedźwiedź); Mambo ( Happy Feet: Tupot małych stóp) Bartosz Obuchowicz
37%
20 Harry Potter (Harry Potter) Jonasz Tołopiło
37%
13 Książe Naveen (Księżniczka i żaba); Książe (Kopciuszek - wersja dubbingowa z 2012) Martin Fitch/Marcin Mroziński
37%
19 Maria Hill (Avengers) Anna Dereszowska
32%
26 Goten (Dragon Ball Z); Pocahontas (Pocahontas II); Brenda (Brenda i pan Whiskers) Katarzyna Tatarak
26%
Nie znaleziono quizów pasujących do podanych kryteriów
Rozkład punktacji
Procent ludzi z każdym wynikiem
Percentyl według liczby udzielonych odpowiedzi
Twoja historia wyników
Nie rozwiązałeś tego quizu